000 00600nam a2200229Ia 4500
003 OSt
005 20220918200826.0
006 a|||||r|||| 00| 0
007 ta
008 220917b |||||||| |||| 00| 0 eng d
024 _a90,467
037 _cTextual
040 _aARTS
_cARTS
_beng
041 _2eng
_aeng
082 _aU8:6xM31, A (906)
100 _aDu Chaillu Paul
_995717
245 0 _aExplorations and adventures in Equatorial Africa
260 _c1800
650 _aGEOGRAPHY
942 _hU8:6xM31, A (906)
_cTEXL
_2CC
999 _c214130
_d214130